000 00647nam a2200217 i 4500
001 98260
003 ES-MaACL
005 20250822162346.0
007 t|
008 050727s1955 sp ||||1| spa d
100 1 _aMarshall, Bruce
_977127
245 1 4 _aLos veteranos no mueren /
_cBruce Marshall; [versión española de Domingo Manfredi].
250 _a[1ª ed.].
260 _aBarcelona :
_bLuis de Caralt,
_c1955.
300 _a282 p. ;
_c20 cm.
490 1 _aGigante
700 1 _aManfredi Cano, Domingo,
_d1918-1998
_975997
830 0 _aGigante
_9181050
852 _aES-MaACL
_jC-10456
_bR.38517
999 _c98260
_d98260